Größte Städte in Mittelfranken - Statistiken

Allgemein
  • Dieses Quiz wurde 235 mal gespielt
  • Das Durchschnittsergebnis liegt bei 14 aus 20
Antwortstatistiken
Einwohner Kreis Stadt % Korrekt
112.528 kreisfrei Erlangen
99%
128.497 kreisfrei Fürth
99%
518.370 kreisfrei Nürnberg
99%
25.238 Roth Roth
94%
18.645 Weißenburg-Gunzenhausen Weißenburg/BY
89%
16.616 Weißenburg-Gunzenhausen Gunzenhausen
87%
13.259 Neustadt-Bad Windsheim Neustadt/Aisch
85%
41.798 kreisfrei Ansbach
84%
40.981 kreisfrei Schwabach
84%
13.551 Erlangen-Höchstadt Höchstadt/Aisch
79%
26.483 Nürnberger Land Lauf/Pegnitz
70%
25.588 Fürth Zirndorf
70%
23.373 Erlangen-Höchstadt Herzogenaurach
63%
14.050 Nürnberger Land Feucht
60%
14.128 Fürth Stein
44%
13.731 Roth Hilpoltstein
42%
15.276 Nürnberger Land Altdorf/Nürnberg
40%
17.681 Fürth Oberasbach
35%
15.757 Roth Wendelstein
34%
14.515 Erlangen-Höchstadt Eckental
24%
Keine übereinstimmenden Quizze gefunden
Verteilung der Resultate
Anzahl Personen mit jedem Resultat
Perzentil nach korrekt beantworteten Fragen
Ihre Resultats-Entwicklung
Sie haben dieses Quiz noch nicht gespielt